| 000 | 00901cam a2200229 4500 | ||
|---|---|---|---|
| 001 | ABS61479 | ||
| 008 | 000000n1999 000 0 eng u | ||
| 035 | _a(Sirsi) u101661 | ||
| 100 | _aBaki, M. A. | ||
| 245 | _aDelay claims management in construction - a step-by-step approach | ||
| 260 | _c1999 | ||
| 490 |
_aCost Engineering _v41(10) October 1999, 36-38(3) |
||
| 520 | _aStresses the importance of having a delay claims management programme in place, covering the three scenarios of claims prevention, preparation and defence. Discusses ways of analysing a construction claim, and includes recommended reading. | ||
| 590 | _aABS | ||
| 650 | _aCONSTRUCTION CLAIMS | ||
| 650 | _aBUILT ENVIRONMENT-BUILDING CONTRACT FORMS | ||
| 650 |
_aProject management _96261 |
||
| 650 | _aCLAIMS MANAGEMENT | ||
| 650 | _aDELAYS | ||
| 690 | _aBUILT ENVIRONMENT-BUILDING CONTRACT FORMS | ||
| 942 | _n0 | ||
| 999 |
_c60789 _d60789 |
||